[Event "Alushta op"]
[Site "Alushta"]
[Date "1993.??.??"]
[Round "?"]
[White "Voloshin, Leonid"]
[Black "Tunik, Gennady"]
[Result "0-1"]
[WhiteElo "2420"]
[BlackElo "2465"]

1.d4 Nf6 2.Bg5 d5 3.Bxf6 gxf6 4.e3 c5 5.c3 Qb6 6.Qc2 Nc6 7.Nd2 cxd4 8.exd4 e5
9.dxe5 fxe5 10.Nb3 Be6 11.Nf3 Be7 12.Be2 O-O-O 13.O-O Kb8 14.Rfe1 Bc8 15.Rad1 f5
16.Bf1 Bf6 17.Rd2 Rhg8 18.Qd1 e4 19.Nfd4 Ne5 20.Qe2 a6 21.Qe3 Bg5 22.f4 Bh6
23.g3 Ng4 24.Qe2 e3 25.Rc2 Rde8 26.Qf3 Re4 27.Rg2 Bg7 28.Bd3 Bxd4 29.Nxd4 Rxd4
30.cxd4 Qxd4 31.Qe2 Re8 32.Rc1 Qb6 33.Rc3 Ka7 34.h3 Nf6 35.Kh2 d4 36.Rc2 Be6
37.Rg1 h5 38.Rcc1 Qd6 39.Qc2 Rc8 40.Qe2 Rh8 41.h4 Ng4+ 42.Kh3 Nf2+ 43.Kh2 Bd7
44.Bc4 Ng4+ 45.Kg2 Bc6+ 46.Kf1 Bf3 47.Qc2 Rc8 48.Qd3 Be4 49.Qb3 d3 50.Rc3 e2+
51.Ke1 Qd4  0-1

[Event "Andorra op"]
[Site "Andorra"]
[Date "1993.??.??"]
[Round "4"]
[White "Efimov, Igor"]
[Black "Marin, Mihail"]
[Result "1/2-1/2"]
[WhiteElo "2490"]
[BlackElo "2515"]

1.d4 Nf6 2.Bg5 d5 3.Bxf6 exf6 4.e3 Be7 5.g3 O-O 6.Bg2 c6 7.Nd2 f5 8.Ne2 Nd7
9.O-O Nf6 10.c4 dxc4 11.Nxc4 Be6 12.Qc2 Bxc4 13.Qxc4 Qb6 14.Rab1 a5 15.a3 Ne8
16.Rfc1 Nd6 17.Qc2 a4 18.d5 c5 19.Qxc5 Qxc5 20.Rxc5 Bf6 21.Nc3 Rfc8 22.Rxc8+ Rxc8
23.Nxa4 Rc2 24.b3 Ra2 25.Nb6 Rxa3 26.Nc4 Ra6 27.Nxd6 Rxd6 28.Rc1 Kf8 29.Rc7 Rb6
30.d6 Rxd6 31.Rxb7 Bd8 32.Rb5 g6 33.Bd5 Rb6 34.Rc5 Be7 35.Rc8+ Kg7 36.Rc7 Kf8
37.Rc8+ Kg7 38.Rc7 Kf8 39.Bc4 h5 40.Kg2 Rb8 41.Kf3 Rb6 42.Ke2 Rb8 43.Kd3 Rd8+
44.Kc2 Rb8 45.Kc3 Bf6+ 46.Kd3 Be7 47.Kd4 Rb6 48.Bd5 Rb4+ 49.Kc3 Rb5 50.Bc4 Rb8
51.Ra7 Bf6+ 52.Kc2 Be7 53.Kd3 Rd8+ 54.Kc3 Rb8 55.f3 Rb6 56.e4 fxe4 57.fxe4 Bf6+
58.Kd3 Be7 59.Ra8+ Kg7 60.Ra7 Kf8 61.e5 Rb8 62.Ke4 Rb6 63.Ra8+ Kg7 64.Ra7 Kf8
65.Ra1 Kg7 66.Rf1 f6 67.e6 f5+ 68.Ke5 Bd6+ 69.Kd4 Kf6 70.Rf2 Rb8 71.Kd5 Rb6
72.Ra2 Be7 73.Kd4 Rb8 74.Ra6 h4 75.gxh4 Rh8 76.Ra2 Rxh4+ 77.Kd5 Rh8 78.Kc6 Rc8+
79.Kd7 Rd8+ 80.Kc7 Rd4 81.Kc6 g5 82.Bd5 g4  1/2-1/2

[Event "AUT-chT"]
[Site "?"]
[Date "1993.??.??"]
[Round "?"]
[White "Steiner, Ulrich A"]
[Black "Mahdi, Khaled"]
[Result "1-0"]
[WhiteElo "2210"]
[BlackElo "2420"]

1.d4 Nf6 2.Bg5 c5 3.c3 e6 4.e3 h6 5.Bh4 d5 6.Nd2 Be7 7.Ngf3 O-O 8.Be2 Nc6
9.O-O Nd7 10.Bg3 Re8 11.Qc2 Bf8 12.Rad1 cxd4 13.cxd4 Nf6 14.Ne5 Bd7 15.a3 Qb6
16.Rc1 Rec8 17.Qb3 Be8 18.h3 Ne7 19.Bd3 Nf5 20.Bh2 Nd6 21.Rfd1 Qxb3 22.Nxb3 Ba4
23.Nc5 Bxd1 24.Rxd1 b6 25.Na6 Nc4 26.Nxc4 dxc4 27.Bc2 b5 28.e4 Ne8 29.d5 exd5
30.Rxd5 Rc6 31.Nb8 Rc5 32.Rd8 Nc7 33.Rxf8+ Kxf8 34.Nd7+ Ke7 35.Nxc5 Ne6 36.Nxe6 Kxe6
37.Bf4 Rd8 38.Kf1 a5 39.Ke2 b4 40.axb4 axb4 41.Bd2 b3 42.Bd1 Ke7 43.Bc3 f6
44.Ke1 Kd6 45.Be2 Kc5 46.f4 Re8 47.e5 fxe5 48.fxe5 Kd5 49.Kd2 Re7 50.Ke3 Rd7
51.Bf3+ Kc5 52.Be4 Rd1 53.h4 g5 54.hxg5 hxg5 55.e6 Kd6 56.Bf5  1-0

[Event "AUT-chT2S 9293"]
[Site "AUT"]
[Date "1993.??.??"]
[Round "?"]
[White "Zimmermann, Heinz"]
[Black "Vombek, Dani"]
[Result "0-1"]
[WhiteElo "2255"]
[BlackElo "2270"]

1.d4 Nf6 2.Bg5 d5 3.Nc3 c5 4.Bxf6 gxf6 5.e3 h5 6.h4 Nc6 7.dxc5 e6 8.Nge2 Bxc5
9.Nd4 Nxd4 10.exd4 Bb4 11.Be2 Qa5 12.Rh3 Bd7 13.a3 Be7 14.Bxh5 Qb6 15.Re3 Rc8
16.Kf1 Rc4 17.Rd3 Rxh5 18.Qxh5 Qxb2 19.Ra2 Qb6 20.Qd1 Qc7 21.Qe1 b5 22.Rb2 a6
23.Rb3 Qf4 24.g3 Qf5 25.Kg2 Bc6 26.Kg1 Kf8 27.Nd1 e5 28.Ne3 Qh3 29.Qf1 Qe6
30.Qd1 exd4 31.Ng2 Qe4 32.Ne1 Bd7 33.Rb1 Bf5 34.Qd2 Qg4 35.Rbb3 Be4 36.Kh2 Bd6
37.Qd1 Qxh4+  0-1

[Event "GER-ch"]
[Site "Bad Wildbad"]
[Date "1993.??.??"]
[Round "8"]
[White "Vatter, Hans Joachim"]
[Black "Niermann, Michael"]
[Result "0-1"]
[WhiteElo "2320"]
[BlackElo "2215"]

1.d4 Nf6 2.Bg5 d5 3.Bxf6 gxf6 4.e3 Bf5 5.c4 dxc4 6.Bxc4 Nd7 7.Ne2 e6 8.O-O Nb6
9.Bb3 Bd6 10.Nbc3 Rg8 11.d5 e5 12.e4 Bg4 13.f3 Bd7 14.Qd3 Qe7 15.Nb5 a6 16.Nxd6+ Qxd6
17.Rfc1 Ke7 18.Qc3 Rac8 19.a4 c6 20.dxc6 Rxc6 21.Qe3 Rxc1+ 22.Rxc1 Rc8 23.Rxc8 Nxc8
24.Nc3 Bc6 25.Bd5 Qb4 26.b3 Nb6 27.Na2 Qd4 28.Qxd4 exd4 29.Bxc6 bxc6 30.Nb4 c5
31.Nxa6 Kd6 32.Kf1 Nd7 33.b4 c4 34.b5 d3 35.Ke1 c3 36.a5 Ne5 37.b6 Kc6 38.Nb4+ Kb7
39.Nd5 c2 40.Kd2 Nc4+ 41.Kc1 Nxa5  0-1

[Event "Baden-Baden op"]
[Site "Baden-Baden"]
[Date "1993.??.??"]
[Round "8"]
[White "Welz, Thomas"]
[Black "Volke, Karsten"]
[Result "0-1"]
[WhiteElo "2330"]
[BlackElo "2470"]

1.d4 Nf6 2.Bg5 g6 3.Bxf6 exf6 4.e3 d5 5.h4 h5 6.Nd2 Be6 7.Nh3 Bh6 8.Qf3 Bg4
9.Qg3 Nc6 10.Be2 Nb4 11.Kd1 Qd7 12.a3 Nc6 13.Nf4 O-O-O 14.Bf3 Ne7 15.Kc1 c5
16.Nb3 cxd4 17.Nxd4 Nf5 18.Nxf5 Qxf5 19.Kb1 Bxf3 20.Qxf3 d4 21.Ka2 dxe3 22.fxe3 Rd7
23.c4 Bxf4 24.exf4 Qc2 25.Rab1 Rd3 26.Qf1 Qxc4+ 27.Ka1 Qd4 28.Rc1+ Kb8 29.Kb1 Re8
30.f5 Rd2 31.Rc2 Qe4 32.Qc4 Qxc4 33.Rxc4 Ree2 34.Rb4 Rxg2 35.Re1 Rde2 36.Rd1 Rg4
37.Rb5 Re7 38.Rc5 b6 39.Rcd5 Rxh4 40.Rd6 g5 41.Rxf6 Rh2 42.Rd8+ Kb7 43.Rg8 g4
44.Rg7 Ka6 45.Rh6 Ree2 46.f6 Rxb2+ 47.Kc1 Rbg2  0-1

[Event "JUG-chT2"]
[Site "Becici"]
[Date "1993.??.??"]
[Round "3"]
[White "Indjic, Dusan"]
[Black "Mackic, Zoran"]
[Result "1-0"]
[WhiteElo "2395"]
[BlackElo "2345"]

1.d4 Nf6 2.Bg5 d5 3.e3 c6 4.Bxf6 exf6 5.Bd3 Bd6 6.Qf3 O-O 7.Nd2 Re8 8.O-O-O Be6
9.Ne2 Qa5 10.Kb1 Na6 11.c3 c5 12.Nb3 Qb6 13.Bxa6 bxa6 14.dxc5 Bxc5 15.Nxc5 Qxc5
16.Rd2 Rab8 17.Ka1 Qa5 18.Nd4 Rec8 19.Rc1 Rc4 20.h4 Qb6 21.g4 Qd6 22.g5 fxg5
23.hxg5 Qe5 24.Qf4 Qxf4 25.exf4 g6 26.Re1 Rb6 27.Rde2 Kg7 28.Re3 h5 29.gxh6+ Kxh6
30.b3 Rc7 31.Kb2 Bc8 32.Re7 Rxe7 33.Rxe7 Rf6 34.Rxa7 Rxf4 35.f3 Bh3 36.Rxa6 Bg2
37.a4 Bxf3 38.Nxf3 Rxf3 39.a5 Rf2+ 40.Kb1 f5 41.Rf6 Kg7 42.Re6 Rf1+ 43.Kb2 Rf2+
44.Ka3 Rf1 45.a6 f4 46.Re7+ Kh6 47.a7 f3 48.Rf7 Ra1+ 49.Kb2 Ra6 50.b4 f2
51.Rxf2 Rxa7 52.Rd2 Rd7 53.b5 Kg7 54.c4 d4 55.Kb3 Kf6 56.c5 Ke5 57.Kc4 g5
58.c6 Rg7 59.Kc5  1-0

[Event "Belgrade"]
[Site "Belgrade"]
[Date "1993.??.??"]
[Round "3"]
[White "Hodgson, Julian M"]
[Black "Kotronias, Vasilios"]
[Result "1/2-1/2"]
[WhiteElo "2625"]
[BlackElo "2590"]

1.d4 Nf6 2.Bg5 c5 3.Bxf6 gxf6 4.d5 Bg7 5.c3 d6 6.e3 f5 7.Ne2 Nd7 8.Nf4 Nf6
9.Bc4 O-O 10.a4 b6 11.Nd2 a6 12.Nf1 Bd7 13.Ng3 b5 14.Bb3 Qb6 15.a5 Qc7 16.Bc2 e6
17.Ngh5 Nxh5 18.Nxh5 Rae8 19.g4 Kh8 20.gxf5 exf5 21.Nxg7 Kxg7 22.Qf3 Kh8
23.Bxf5 Bxf5 24.Qxf5 f6 25.Rg1 Re5 26.Qf3 f5 27.Rg5 b4 28.c4 Qe7 29.h4 Qf6
30.O-O-O  1/2-1/2

[Event "Berlin"]
[Site "Berlin"]
[Date "1993.??.??"]
[Round "6"]
[White "Federau, Juergen"]
[Black "Votava, Jan"]
[Result "0-1"]
[WhiteElo "2305"]
[BlackElo "2425"]

1.d4 Nf6 2.Bg5 c5 3.d5 Ne4 4.Bf4 Qb6 5.Qc1 g5 6.Be5 f6 7.Bxb8 Rxb8 8.f3 Nd6
9.e4 Bg7 10.Nc3 f5 11.exf5 Nxf5 12.Nd1 Qh6 13.Nh3 e6 14.Qxg5 Qxg5 15.Nxg5 exd5
16.Bd3 h6 17.Bxf5 hxg5 18.Nc3 b5 19.O-O-O Bxc3 20.bxc3 Bb7 21.Rde1+ Kd8 22.Re5 Kc7
23.Bg4 Rbg8 24.h3 Bc6 25.Rhe1 a5 26.Rf5 b4 27.Kb2 Rg7 28.Ree5 Rhg8 29.Rf6 Rb8
30.Ref5 a4  0-1

[Event "Biel op"]
[Site "Biel"]
[Date "1993.??.??"]
[Round "3"]
[White "Cech, Pavel"]
[Black "Har Zvi, Ronen"]
[Result "0-1"]
[WhiteElo "2315"]
[BlackElo "2505"]

1.d4 Nf6 2.Bg5 c5 3.Bxf6 gxf6 4.c3 Qb6 5.Qc2 d5 6.e3 Nc6 7.dxc5 Qxc5 8.Nd2 e5
9.Ngf3 Be6 10.Be2 h5 11.Nh4 O-O-O 12.O-O Kb8 13.a3 Bh6 14.b4 Qb6 15.Nb3 e4
16.Nc5 Bg5 17.Nxe6 fxe6 18.Ng6 Rh6 19.Nf4 Bxf4 20.exf4 f5 21.Qc1 h4 22.Qe3 Qc7
23.Rfd1 Ne7 24.c4 Ng6 25.cxd5 exd5 26.Rac1 Qxf4 27.Qc5 Rhh8 28.Qd4 Qe5 29.Rc5 Qxd4
30.Rxd4 Nf4 31.Rd2 Rc8 32.Bf1 Rxc5 33.bxc5 Rd8 34.g3 hxg3 35.hxg3 Ne6 36.Bh3 Ng5
37.Kg2 Nxh3 38.Kxh3 Kc7 39.Kh4 Kc6 40.Kg5 Rf8 41.Kg6 Kxc5 42.Kg7 Re8 43.Kf7 Re5
44.Kf6 e3 45.Rc2+ Kd6 46.f4 Re6+  0-1

[Event "Biel op"]
[Site "Biel"]
[Date "1993.??.??"]
[Round "6"]
[White "Gerstner, Wolfgang"]
[Black "Gallagher, Joseph G"]
[Result "0-1"]
[WhiteElo "2355"]
[BlackElo "2515"]

1.d4 Nf6 2.Bg5 c5 3.d5 Ne4 4.Bf4 Qb6 5.Nd2 Qxb2 6.Nxe4 Qb4+ 7.Qd2 Qxe4 8.f3 Qd4
9.Qxd4 cxd4 10.Be5 e6 11.Bxd4 exd5 12.Bb2 Bb4+ 13.c3 Bc5 14.O-O-O d6 15.c4 O-O
16.cxd5 Be3+ 17.Kb1 Bf5+ 18.Ka1 Bc2 19.Bc1 Bxd1 20.Bxe3 Nd7 21.Bf4 Ne5 22.Nh3 Rac8
23.e4 Bc2 24.Be2 f5 25.Ng5 fxe4 26.Ne6 exf3 27.gxf3 Rxf4 28.Nxf4 Bf5 29.Rd1 Rc2
30.h4 Kf7 31.Re1 a6 32.Ne6 Kf6 33.f4 Ng6 34.h5 Ne7 35.Bd1 Rc1+ 36.Kb2 Rb1+
37.Ka3 Nxd5 38.Nd4 Nb6 39.Nb3 Nc4+ 40.Kb4 Nb2  0-1

[Event "Biel Interzonal"]
[Site "Biel"]
[Date "1993.??.??"]
[Round "11"]
[White "Rogers, Ian"]
[Black "Bagaturov, Giorgi"]
[Result "1-0"]
[WhiteElo "2595"]
[BlackElo "2495"]

1.d4 Nf6 2.Bg5 d5 3.Bxf6 exf6 4.e3 Bd6 5.Bd3 c6 6.Nd2 Qb6 7.b3 Qc7 8.Ne2 Nd7
9.c3 g6 10.h4 f5 11.h5 Nf6 12.hxg6 fxg6 13.Qc2 Ng4 14.g3 Bd7 15.Nf3 O-O-O
16.Nf4 Rhe8 17.O-O-O Re7 18.Kb1 Kb8 19.Ka1 Bc8 20.b4 Rg8 21.Rde1 h6 22.Kb2 g5
23.Nh5 Rf8 24.Qd2 Rfe8 25.Ref1 Qb6 26.Ka1 Rf8 27.Ne1 Bd7 28.Ng2 Qc7 29.f3 Nf6
30.Nxf6 Rxf6 31.f4 Rg7 32.Ne1 a5 33.a3 Rfg6 34.Nf3 axb4 35.cxb4 gxf4 36.gxf4 Qd8
37.Rh2 Qg8 38.Rff2 Qe6 39.Rh5 Qf6 40.Rfh2 Bc8 41.Ka2 Qf8 42.Kb3 Rg3 43.Qe2 b6
44.Rxh6 c5 45.Rh8 Rg8 46.Rxg8 Rxg8 47.Bb5 Qg7 48.bxc5 bxc5 49.Ka2 Qa7 50.Qb2 Bb7
51.Bc6 Rg7 52.Rh8+ Kc7 53.dxc5 Kxc6 54.cxd6 Ba6 55.Ne5+ Kxd6 56.Rh6+ Kc7
57.Qc3+  1-0

[Event "Biel Interzonal"]
[Site "Biel"]
[Date "1993.??.??"]
[Round "12"]
[White "Piket, Jeroen"]
[Black "Gurevich, Ilya"]
[Result "1-0"]
[WhiteElo "2590"]
[BlackElo "2575"]

1.d4 Nf6 2.Bg5 d5 3.Bxf6 exf6 4.e3 Bd6 5.c4 dxc4 6.Bxc4 O-O 7.Nc3 c6 8.Qf3 f5
9.Nge2 Qh4 10.Bb3 Be6 11.O-O-O Nd7 12.g3 Qh6 13.h4 Rad8 14.Bc2 Qf6 15.Kb1 Bb4
16.h5 Rfe8 17.a3 Ba5 18.Qf4 Bxc3 19.Nxc3 Nb6 20.h6 g5 21.Ne4 Ba2+ 22.Kxa2 Rxe4
23.Qf3 g4 24.Qe2 Qe6+ 25.Ka1 Rexd4 26.Rxd4 Rxd4 27.Bxf5 Qc4 28.Qxc4 Rxc4
29.Rd1 Kf8 30.Bxh7 Rc5 31.Rd8+ Ke7 32.Rb8 Rh5 33.Rxb7+ Kf8 34.Rxa7 Rxh6 35.Be4 Rf6
36.Ra6 Nd7 37.Rxc6 Rxf2 38.a4 Nf6 39.Rc4 Re2 40.a5  1-0

[Event "Bratislava op"]
[Site "Bratislava"]
[Date "1993.??.??"]
[Round "6"]
[White "Agababian, Naira"]
[Black "Coudari, Camille"]
[Result "1-0"]
[WhiteElo "2195"]
[BlackElo "2325"]

1.d4 Nf6 2.Bg5 d5 3.Bxf6 gxf6 4.e3 Bg7 5.Ne2 e5 6.Ng3 Rg8 7.Qh5 h6 8.Be2 Bf8
9.h4 e4 10.c4 c6 11.Nc3 Be6 12.O-O Na6 13.cxd5 cxd5 14.Bb5+ Ke7 15.Nf5+ Bxf5
16.Qxf5 Nc7 17.Ba4 Qd6 18.Rac1 Qe6 19.Qxe6+ fxe6 20.Nxe4 Na6 21.Nd2 Kd6 22.a3 Be7
23.Rc2 Rg4 24.Bb5 Nc7 25.Be2 Rg7 26.Rfc1 Bd8 27.e4 Rb8 28.b4 Rd7 29.exd5 exd5
30.Nf1 Ne6 31.Rd1 Rc7 32.Rxc7 Bxc7 33.Ne3 Ng7 34.Bf3 Re8 35.Nxd5 Bd8 36.Ne3 f5
37.Nc4+ Kc7 38.h5 Bf6 39.d5 b5 40.d6+ Kd7 41.Na5 Rc8 42.Nb7 Ne6 43.Bd5 Nd8
44.Nc5+ Kxd6 45.Bb7+ Kc7 46.Rd7+  1-0

[Event "Bratislava op"]
[Site "Bratislava"]
[Date "1993.??.??"]
[Round "8"]
[White "Nesterov, Jakov"]
[Black "Mrva, Martin"]
[Result "0-1"]
[WhiteElo "2485"]
[BlackElo "2355"]

1.d4 Nf6 2.Bg5 c5 3.Bxf6 gxf6 4.d5 Qb6 5.Qc1 f5 6.e3 Bg7 7.c3 e6 8.g3 exd5
9.Bg2 Nc6 10.Bxd5 Ne5 11.Qd2 Qxb2 12.Qxb2 Nd3+ 13.Kd2 Nxb2 14.a4 c4 15.Nh3 d6
16.Kc2 Nd3 17.Bxc4 Nc5 18.Rd1 Be6 19.Bxe6 fxe6 20.Rxd6 Ke7 21.Rd1 Rac8 22.f3 Rc6
23.Nf4 Rhc8 24.Ra3 Nd7 25.Ne2 Nb6 26.Rd3 Rc5 27.Nd4 Ra5 28.Kb3 Nd7 29.Kc2 Nc5
30.Nb3 Nxd3 31.Nxa5 Ne1+ 32.Kd1 Nxf3 33.Nxb7 Nxh2 34.Ke2 Be5 35.a5 h5 36.a6 Rc6
37.Nd2 Bxc3 38.Nf3 Nxf3 39.Kxf3 Be5 40.Ra2 Bc7  0-1

[Event "Bucharest Tim"]
[Site "Bucharest"]
[Date "1993.??.??"]
[Round "2"]
[White "Gavrilescu, Calin"]
[Black "Musat, Adrian"]
[Result "1-0"]
[WhiteElo "2310"]
[BlackElo "2275"]

1.d4 Nf6 2.Bg5 c5 3.e3 Qb6 4.dxc5 Qxb2 5.Nd2 e6 6.Rb1 Qxa2 7.Bxf6 gxf6 8.Bc4 Qa5
9.Rb5 Qc7 10.Ne4 Qe5 11.Bd3 f5 12.c6 Qg7 13.cxb7 Bxb7 14.Rxb7 Qxg2 15.Nf6+ Ke7
16.Be4 fxe4 17.Nxd7 Nc6 18.Ne5+ Kf6 19.Rxf7+ Kg5 20.Nh3+  1-0

[Event "Budapest FS04 GM"]
[Site "Budapest"]
[Date "1993.??.??"]
[Round "2"]
[White "Soos, Bela"]
[Black "Leko, Peter"]
[Result "0-1"]
[WhiteElo "2365"]
[BlackElo "2465"]

1.d4 Nf6 2.Bg5 c5 3.d5 Qb6 4.Nc3 Qxb2 5.Bd2 Qb6 6.e4 e5 7.f4 d6 8.fxe5 dxe5
9.Nf3 Nbd7 10.Bc4 Bd6 11.O-O O-O 12.Nh4 Qd8 13.Nf5 Nb6 14.Be2 Bxf5 15.Rxf5 Ne8
16.Qf1 Nd7 17.Rb1 Be7 18.Bg4 Nd6 19.Rf2 Nf6 20.Bf3 b5 21.Nxb5 Nfxe4 22.Nxd6 Nxd2
23.Rxd2 Bxd6 24.Qa6 Qf6 25.Be4 Rab8 26.Rf1 Qe7 27.Rdf2 c4 28.Kh1 Qh4 29.g4 Bc5
30.Rg2 c3 31.Qc4 Bd4 32.d6 Qd8 33.Qd5 Qf6 34.Rgg1 Qd8 35.Rg3 Qd7 36.Rgf3 g6
37.h3 Kg7 38.Rf6 h5 39.Qc6 Qxc6 40.Bxc6 hxg4 41.hxg4 e4 42.R6f4 Be5 43.Rxe4 Rh8+
44.Kg1 Bxd6 45.Bd5 f6 46.Bb3 Rh4 47.Ra4 Bc5+ 48.Kg2 Rbh8 49.Rc4 Rh2+ 50.Kf3 R8h3+
51.Ke4 Bb6 52.Kd5 Rd2+ 53.Kc6 Bd4 54.Kb7 Kh6 55.Rf4 Be5 56.Rfe4 Rd7+ 57.Ka6 Kg5
58.Rc6 Rg3 59.Rcc4 Rf3 60.a4 Rh7 61.a5 Bf4 62.Rc6 Rg3 63.Be6 Be5 64.Re2 Rxg4
65.Bxg4 Kxg4 66.Rxe5 fxe5 67.Rxg6+ Kf4 68.Rc6 e4 69.Rxc3 e3 70.Rc8 Re7 71.Rf8+ Ke4
72.Rb8 e2 73.Rb1 Kd4 74.Re1 Kc5 75.c4 Kxc4 76.Rc1+ Kd3 77.Re1 Kd2  0-1

[Event "Spring op"]
[Site "Budapest"]
[Date "1993.??.??"]
[Round "3"]
[White "Kiss, Istvan"]
[Black "Starosek, Konstantin"]
[Result "0-1"]
[WhiteElo "2320"]
[BlackElo "2450"]

1.d4 Nf6 2.Bg5 g6 3.e3 Bg7 4.Bd3 d6 5.Nd2 Nbd7 6.c3 b6 7.Bxf6 Nxf6 8.Bb5+ Bd7
9.Qa4 c5 10.Ngf3 O-O 11.Bxd7 Nxd7 12.O-O Qc7 13.Rad1 Rab8 14.c4 Qb7 15.b4 cxd4
16.Nxd4 Bxd4 17.exd4 b5 18.cxb5 Qxb5 19.Qxb5 Rxb5 20.a3 a5 21.Rfe1 e6 22.Nc4 axb4
23.Nxd6 Rd5 24.Nc4 b3 25.g3 Rb8 26.f4 Nf6 27.Rd3 Rdb5 28.Rb1 Nd5 29.Rb2 Rc8
30.Nd2 Rc1+ 31.Nf1 Rc3 32.Rxc3 Nxc3 33.Nd2 Ne2+ 34.Kf2 Nxd4 35.Ke3 Nc2+ 36.Ke4 Rd5
37.Nxb3 Nxa3 38.Rd2 Rb5 39.Nd4 Rb4 40.Kf3 Nc4 41.Rd1 Rb2 42.Ne2 Kg7 43.h3 h5
44.Rd3 e5 45.Rc3 e4+ 46.Kxe4 Rxe2+ 47.Kd3 Rh2 48.Kxc4 Rxh3 49.Kd4 h4 50.gxh4 Rxc3
51.Kxc3 Kf6 52.Kd4 Kf5  0-1

[Event "Budapest FS11 GM"]
[Site "Budapest"]
[Date "1993.??.??"]
[Round "13"]
[White "Tseitlin, Mikhail S"]
[Black "Hamdouchi, Hichem"]
[Result "0-1"]
[WhiteElo "2430"]
[BlackElo "2455"]

1.d4 Nf6 2.Bg5 c5 3.Bxf6 gxf6 4.c3 Qb6 5.Qc2 d5 6.e3 Nc6 7.Nd2 cxd4 8.exd4 e5
9.Ngf3 Be6 10.Qb3 Qc7 11.Be2 O-O-O 12.g3 Bh6 13.Rd1 e4 14.Nh4 Rhg8 15.Nf1 f5
16.Ng2 f4 17.Nxf4 Bxf4 18.gxf4 Qxf4 19.Ne3 Rg6 20.Rd2 Rdg8 21.Qa3 Bh3 22.Bf1 Rg1
23.Rxg1 Rxg1 24.Qf8+ Kd7 25.Qc5 Bxf1 26.Qxd5+ Kc7 27.Nxf1 e3 28.Re2 exf2+
29.Rxf2 Qe3+  0-1

[Event "Wch U20 Girls"]
[Site "Buenos Aires"]
[Date "1993.??.??"]
[Round "?"]
[White "Chavez, Maria de Jesus"]
[Black "Holoubkova, Martina"]
[Result "0-1"]
[WhiteElo "2005"]
[BlackElo "2235"]

1.d4 Nf6 2.Bg5 c5 3.Bxf6 gxf6 4.d5 Qb6 5.Qc1 Na6 6.e3 f5 7.c3 Nc7 8.c4 Bg7
9.Nc3 Qa5 10.Qd2 d6 11.Rb1 a6 12.a3 b5 13.Na2 Qxd2+ 14.Kxd2 bxc4 15.Bxc4 Bb7
16.Nc3 Bxc3+ 17.bxc3 Bxd5 18.Bxd5 Nxd5 19.Rb7 O-O-O 20.Rb3 Rhg8 21.g3 Kc7
22.Ne2 Rb8 23.Rhb1 Rxb3 24.Rxb3 Rg4 25.Rb2 Ra4 26.Ra2 Nf6 27.f3 e5 28.h3 Kc6
29.Kc2 c4 30.g4 fxg4 31.hxg4 Ra5 32.Ra1 e4 33.Nd4+ Kd7 34.fxe4 Nxg4 35.Nf5 Re5
36.Rd1 Rxf5 37.exf5 Nxe3+ 38.Kd2 Nxd1 39.Kxd1 Ke7  0-1

[Event "Wch U20 Girls"]
[Site "Buenos Aires"]
[Date "1993.??.??"]
[Round "?"]
[White "Chavez, Maria de Jesus"]
[Black "Poljak, Srebrenka"]
[Result "1-0"]
[WhiteElo "2005"]
[BlackElo "2035"]

1.d4 Nf6 2.Bg5 c5 3.Bxf6 gxf6 4.d5 Qb6 5.Qc1 Na6 6.e3 f5 7.Nd2 Qa5 8.c3 b5
9.Qc2 e6 10.e4 fxe4 11.Nxe4 f5 12.dxe6 dxe6 13.Nf6+ Kf7 14.Nh5 Bb7 15.Qe2 Nc7
16.Qe5 Rg8 17.Bxb5 Rxg2 18.Bd7 Rg6 19.f3 Rd8 20.O-O-O Bh6+ 21.Nf4 Nd5 22.Bxe6+ Rxe6
23.Qxe6+ Kg7 24.Qe5+ Kg8 25.Ne2 Qxa2 26.Rhg1+ Kf8 27.Qxf5+  1-0

[Event "Calcutta op"]
[Site "Calcutta"]
[Date "1993.??.??"]
[Round "2"]
[White "Hodgson, Julian M"]
[Black "Sareen, Vishal"]
[Result "1-0"]
[WhiteElo "2565"]
[BlackElo "2345"]

1.d4 Nf6 2.Bg5 c5 3.d5 Ne4 4.h4 Qb6 5.Nd2 Nxd2 6.Bxd2 Qxb2 7.Nf3 e6 8.e4 exd5
9.exd5 Be7 10.Rb1 Qxa2 11.Bc3 Bf6 12.Ne5 Qa4 13.Bd3 O-O 14.Qh5 g6 15.Qf3 Bg7
16.Ra1 Qxa1+ 17.Bxa1 d6 18.Nc4 Bxa1 19.Nxd6 Nd7 20.O-O Bg7 21.Re1 Ne5 22.Qf4 Nxd3
23.cxd3 a5 24.h5 a4 25.h6 Bc3 26.Nb5 Bh8 27.Nc7 Rb8 28.Qxa4 b5 29.Qa7 Bf5
30.d6 b4 31.Nd5 Rfd8 32.Qe7  1-0

[Event "Capablanca mem-B"]
[Site "?"]
[Date "1993.??.??"]
[Round "10"]
[White "Alvarez Ibarra, D Rafael"]
[Black "Rodriguez, Amador"]
[Result "1/2-1/2"]
[WhiteElo "2420"]
[BlackElo "2480"]

1.d4 Nf6 2.Bg5 d5 3.Nf3 Ne4 4.Bf4 Bf5 5.e3 e6 6.Nbd2 Be7 7.Nxe4 Bxe4 8.Bd3 Bxd3
9.Qxd3 c5 10.O-O cxd4 11.Bxb8 Rxb8 12.Qb5+ Kf8 13.exd4 g6 14.Ne5 Kg7 15.a4 Bd6
16.f4 Qc7 17.Qe2 Rhe8 18.c3 Re7  1/2-1/2

[Event "Ceske Budejovice op"]
[Site "Ceske Budejovice"]
[Date "1993.??.??"]
[Round "5"]
[White "Meduna, Eduard"]
[Black "Poloch, Petr"]
[Result "1/2-1/2"]
[WhiteElo "2470"]
[BlackElo "2380"]

1.d4 Nf6 2.Bg5 c5 3.Bxf6 gxf6 4.d5 d6 5.Nd2 Bg7 6.c4 f5 7.Qc2 e5 8.e3 Qf6
9.Ne2 h5 10.h4 Nd7 11.O-O-O Qg6 12.Nc3 a6 13.Na4 Rb8 14.Nc3 Bh6  1/2-1/2

[Event "JUG-chT"]
[Site "Cetinje"]
[Date "1993.??.??"]
[Round "?"]
[White "Miladinovic, Igor"]
[Black "Benderac, Srdjan"]
[Result "1-0"]
[WhiteElo "2450"]
[BlackElo "2235"]

1.d4 Nf6 2.Bg5 d5 3.Bxf6 exf6 4.e3 Bd6 5.c4 dxc4 6.Bxc4 O-O 7.Nc3 f5 8.Nf3 Nd7
9.Qc2 a6 10.h4 b5 11.Bd3 b4 12.Na4 g6 13.h5 Nf6 14.hxg6 hxg6 15.O-O-O Qe7
16.Rh4 Kg7 17.Rdh1 Rb8 18.b3 Bd7 19.Nc5 Bxc5 20.dxc5 a5 21.Qb2 Rh8 22.Ng5 Rxh4
23.Rxh4 Rh8 24.Rxh8 Kxh8 25.Qe5 Be6 26.Bc4 Kg7 27.c6 Kf8 28.f3 Ke8 29.Nxe6 fxe6
30.Bxe6 Kf8 31.g4 Qg7 32.Qxa5 fxg4 33.fxg4 Qe7 34.Qe5 g5 35.Qf5 Qg7 36.e4 Qh6
37.e5 Qh1+ 38.Kd2  1-0

[Event "JUG-chT"]
[Site "Cetinje"]
[Date "1993.??.??"]
[Round "?"]
[White "Kosic, Dragan"]
[Black "Miljanic, Boro"]
[Result "1-0"]
[WhiteElo "2495"]
[BlackElo "2370"]

1.d4 Nf6 2.Bg5 g6 3.Bxf6 exf6 4.e3 f5 5.g3 b6 6.Bg2 c6 7.c4 Ba6 8.Nd2 b5
9.c5 d5 10.cxd6 Bxd6 11.Ne2 O-O 12.O-O Qb6 13.Qc2 Bb7 14.Rac1 Na6 15.Nb3 Rfd8
16.Nf4 Bxf4 17.gxf4 Nc7 18.Qe2 a5 19.a3 Nd5 20.Nc5 Bc8 21.Nd3 Be6 22.Rc5 Rd6
23.Rfc1 f6 24.Qd2 Ra6 25.a4 b4 26.Bf1 b3 27.Qe2 Ra8 28.Ne5 fxe5 29.dxe5  1-0

[Event "JUG-chT"]
[Site "Cetinje"]
[Date "1993.??.??"]
[Round "?"]
[White "Maksimovic, Branimir"]
[Black "Abramovic, Bosko"]
[Result "0-1"]
[WhiteElo "2370"]
[BlackElo "2460"]

1.d4 Nf6 2.Bg5 d5 3.e3 c6 4.Bd3 g6 5.Bxf6 exf6 6.Nd2 f5 7.Ne2 Nd7 8.c4 dxc4
9.Bxc4 Bg7 10.h4 Nb6 11.Bb3 Nd5 12.Bxd5 Qxd5 13.Nf4 Qd6 14.Qb3 Qe7 15.O-O-O Be6
16.Nxe6 fxe6 17.Nc4 O-O-O 18.Kb1 Rd5 19.Rc1 Rhd8 20.f4 Kb8 21.Rc3 Qd7 22.Rhc1 Rb5
23.Qc2 Qd5 24.a4 Rb4 25.Rb3 Rxb3 26.Qxb3 b6 27.a5 b5 28.Ka2 Kc7 29.Nd2 Bf6
30.Nf3 h6 31.Qxd5 Rxd5 32.Kb3 a6 33.g3 Rd8 34.Ne1 Be7 35.Nd3 Bd6 36.Rg1 h5
37.Rc1 Rb8 38.Ne5 Bxe5 39.fxe5 Rg8 40.Rh1 Rd8 41.Kc2 c5 42.Rc1 c4 43.Kd2 Kd7
44.e4 fxe4 45.Ke3 Rf8 46.Rg1 Kc6 47.Kxe4 Rf2 48.Rb1 b4 49.Rc1 Kb5 50.Rb1 b3
51.Ke3 Rc2 52.Kf4 Kc6 53.Kg5 Rg2 54.Kxg6 Rxg3+ 55.Kxh5 Kd5 56.Kh6 Kxd4 57.h5 c3
58.bxc3+ Kxc3 59.Kh7 b2 60.h6 Kc2 61.Rh1 b1=Q 62.Rxb1 Kxb1 63.Kh8 Rg5  0-1

[Event "JUG-chT"]
[Site "Cetinje"]
[Date "1993.??.??"]
[Round "?"]
[White "Miladinovic, Igor"]
[Black "Bacetic, Nikola"]
[Result "1-0"]
[WhiteElo "2450"]
[BlackElo "2330"]

1.d4 Nf6 2.Bg5 d5 3.Bxf6 exf6 4.e3 g6 5.c4 Bg7 6.Nc3 dxc4 7.Bxc4 O-O 8.Nge2 c5
9.O-O cxd4 10.Nxd4 Nc6 11.Nxc6 bxc6 12.Rc1 Rb8 13.Na4 f5 14.b3 Qa5 15.Qd6 Bb7
16.Nc5 Qd8 17.Nd7 Rc8 18.Rfd1 Re8 19.Qb4 Qc7 20.Bxf7+ Kxf7 21.Qc4+ Ke7 22.Nc5 Rcd8
23.Qe6+ Kf8 24.Rd7 Rxe6 25.Nxe6+  1-0

[Event "JUG-chT"]
[Site "Cetinje"]
[Date "1993.??.??"]
[Round "?"]
[White "Savic, Miodrag"]
[Black "Bacetic, Nikola"]
[Result "0-1"]
[WhiteElo "2215"]
[BlackElo "2330"]

1.d4 Nf6 2.Bg5 d5 3.Bxf6 exf6 4.e3 g6 5.c4 Bg7 6.Nc3 dxc4 7.Bxc4 O-O 8.Nge2 c5
9.O-O Nd7 10.dxc5 Nxc5 11.Nd4 Ne6 12.Ndb5 f5 13.Qf3 Be5 14.Rad1 Qh4 15.h3 Qxc4
16.Na3 Qh4 17.Nd5 Rd8 18.b3 Qe4 19.Qe2 Nd4 20.Ne7+ Kg7 21.Qe1 Nc6 22.Rxd8 Nxd8
23.Nc4 Bh2+ 24.Kxh2 Qxe7 25.Qc3+ Qf6 26.Qd2 Be6 27.Nd6 Kg8 28.f4 Qe7 29.e4 fxe4
30.Nxe4 Nc6 31.Qb2 Qh4 32.Nf6+ Kf8 33.Ng4 f5 34.g3 Qd8 35.Qh8+ Bg8 36.Nh6 Qd2+
37.Kh1 Qd5+ 38.Kh2 Ne7 39.Qf6+ Ke8 40.Rf2 Qe6 41.Qb2 Rd8 42.Re2 Qd5 43.Qg7 Be6
44.Qf6 Kd7 45.Nf7 Bxf7 46.Qxe7+ Kc6 47.Rc2+ Kb6 48.Qc7+ Ka6 49.b4 Rd7 50.Qc8 Be6
51.Qc3 Qd3 52.Qc5 b6 53.Qc6 Qd5 54.Qc8+ Qb7 55.Qe8 Qe4 56.Qc8+ Qb7 57.Qc3 Qd5
58.Qc8+ Rb7 59.Qc3 Rf7 60.a4 Kb7 61.a5 Qe4  0-1

[Event "CUB-ch"]
[Site "?"]
[Date "1993.??.??"]
[Round "8"]
[White "Armas, Jorge"]
[Black "Leyva, Ricardo"]
[Result "1/2-1/2"]
[WhiteElo "2455"]
[BlackElo "2285"]

1.d4 Nf6 2.Bg5 c5 3.Bxf6 gxf6 4.d5 Qb6 5.Qc1 f5 6.e3 Bg7 7.c3 e6 8.Nh3 d6
9.Nf4 O-O 10.Bc4 e5 11.Nh5 Bh6 12.f4 Kh8 13.O-O Nd7 14.Nd2 Qd8 15.Rf3 Rg8
16.Qe1 Rg6 17.Be2 Nf6 18.Nxf6 Qxf6 19.Nf1 Bd7 20.a4 Rag8 21.g3 Bf8 22.Rf2 Qg7
23.Bd3 h5 24.Qe2 h4 25.fxe5 Qxe5 26.Bxf5 hxg3 27.hxg3 Rxg3+ 28.Nxg3 Rxg3+
29.Kf1 Bxf5 30.Qh5+ Bh7 31.Qxe5+ dxe5 32.Rxf7 Bh6 33.d6 Rg7 34.Re7 Bf5 35.Kf2 Bg5
36.Rh1+ Kg8 37.Rxe5 Bd7 38.Rxc5 Bc6 39.Rh2 Kf7 40.b4  1/2-1/2